| Fine Arts - Visual Fine Arts | 0 | 5 | 0 | 2 | 50 | 82 | 121.00 | 1 | 1 |
| Literature - British Literature | 0 | 5 | 0 | 0 | 50 | 93 | 109.60 | 0 | 3 |
| Philosophy | 0 | 4 | 1 | 1 | 35 | 102 | 118.75 | 0 | 1 |
| History - World History | 0 | 3 | 0 | 2 | 30 | 73 | 109.67 | 0 | 2 |
| History - American History | 0 | 3 | 0 | 1 | 30 | 82 | 106.67 | 0 | 0 |
| Pop Culture | 0 | 3 | 0 | 0 | 30 | 83 | 107.33 | 0 | 2 |
| Religion | 0 | 3 | 0 | 1 | 30 | 75 | 104.00 | 0 | 3 |
| Fine Arts - Auditory Fine Arts | 1 | 2 | 1 | 0 | 30 | 30 | 81.67 | 1 | 2 |
| Literature - American Literature | 0 | 3 | 0 | 0 | 30 | 115 | 120.00 | 0 | 1 |
| History - Other History | 1 | 1 | 0 | 1 | 25 | 72 | 98.50 | 0 | 1 |
| Literature - World Literature | 1 | 1 | 0 | 0 | 25 | 53 | 69.50 | 0 | 1 |
| Fine Arts - Other Fine Arts | 0 | 3 | 1 | 1 | 25 | 108 | 122.00 | 0 | 0 |
| Mythology | 1 | 1 | 0 | 0 | 25 | 79 | 83.00 | 0 | 2 |
| Science - Other Science | 0 | 2 | 0 | 0 | 20 | 97 | 99.50 | 0 | 1 |
| Science - Physics | 0 | 2 | 0 | 0 | 20 | 88 | 104.50 | 0 | 0 |
| Science - Biology | 0 | 2 | 0 | 1 | 20 | 101 | 112.50 | 0 | 1 |
| Literature - European Literature | 0 | 2 | 0 | 1 | 20 | 106 | 126.50 | 0 | 0 |
| Fine Arts - Auditory Fine Arts | 1 | 0 | 0 | 0 | 15 | 35 | 35.00 | 1 | 1 |
| Social Science | 0 | 1 | 0 | 0 | 10 | 137 | 137.00 | 0 | 0 |
| Fine Arts - Auditory Fine Arts | 0 | 1 | 0 | 0 | 10 | 94 | 94.00 | 0 | 0 |
| Fine Arts - Other Fine Arts | 0 | 1 | 0 | 1 | 10 | 129 | 129.00 | 0 | 1 |
| Fine Arts - Other Fine Arts | 0 | 1 | 0 | 0 | 10 | 144 | 144.00 | 0 | 1 |
| Fine Arts - Visual Fine Arts | 0 | 1 | 0 | 1 | 10 | 137 | 137.00 | 0 | 0 |
| Fine Arts - Visual Fine Arts | 0 | 1 | 0 | 0 | 10 | 95 | 95.00 | 0 | 0 |
| History - European History | 0 | 1 | 0 | 0 | 10 | 115 | 115.00 | 0 | 0 |
| Literature - American Literature | 0 | 1 | 0 | 0 | 10 | 111 | 111.00 | 0 | 1 |
| Literature - European Literature | 0 | 1 | 0 | 0 | 10 | 74 | 74.00 | 1 | 1 |
| Literature - World Literature | 0 | 1 | 0 | 0 | 10 | 74 | 74.00 | 0 | 1 |
| Philosophy | 0 | 1 | 0 | 0 | 10 | 135 | 135.00 | 0 | 1 |
| Religion | 0 | 1 | 0 | 1 | 10 | 139 | 139.00 | 0 | 1 |
| Religion | 0 | 1 | 0 | 0 | 10 | 112 | 112.00 | 1 | 1 |
| Science - Chemistry | 0 | 1 | 0 | 1 | 10 | 118 | 118.00 | 0 | 0 |
| Science - Other Science | 0 | 1 | 0 | 1 | 10 | 120 | 120.00 | 0 | 0 |
| Social Science | 0 | 1 | 0 | 0 | 10 | 114 | 114.00 | 0 | 1 |
| Current Events | 0 | 1 | 0 | 0 | 10 | 117 | 117.00 | 0 | 0 |
| Science - Chemistry | 0 | 1 | 1 | 0 | 5 | 120 | 120.00 | 0 | 1 |
| Social Science | 0 | 0 | 0 | 0 | 0 | | 0.00 | 0 | 0 |
| Science - Chemistry | 0 | 0 | 1 | 0 | -5 | | 0.00 | 0 | 0 |